| 000 | 00355nam a2200145Ia 4500 | ||
|---|---|---|---|
| 008 | 230817s2002 xx 000 0 und d | ||
| 041 | _aeng | ||
| 082 | _a343052/AHU | ||
| 100 | _aMathuria MS | ||
| 245 | _aThe Bombay Sales Tax Act 1959 | ||
| 250 | _a20th Ed | ||
| 260 |
_aMumbai _bLagal InfService _c2002 |
||
| 300 | _axxiiip | ||
| 650 | _aTAXATION LAW | ||
| 999 |
_c844763 _d844763 |
||